| 000 | 00451nam a22001337a 4500 | ||
|---|---|---|---|
| 020 | _a0-8273-3229-7 | ||
| 082 | _a621.3192 ORI'E | ||
| 100 |
_aO'RILEY, RONALD P _962319 |
||
| 245 | _aELECTRICAL GROUNDING,BRINGING GROUNDING BACK TO EARTH , BASED ON THE 1987 NATIONAL ELECTRICAL CODE | ||
| 260 |
_aDELMAR PUBLISHER _bNEWYORK _c1988 |
||
| 300 | _a325P | ||
| 650 |
_aELECTRIC CURRENTS-GROUNDING NATIONAL FIRE PROTECTION ASSOCIATION _962320 |
||
| 942 | _cBK | ||
| 999 |
_c571459 _d571459 |
||